| 000 | 00972nas a2200337 4500 | ||
|---|---|---|---|
| 001 | BR2011004414 | ||
| 003 | BR-BrBNA | ||
| 005 | 20231205115505.0 | ||
| 007 | ta | ||
| 008 | 230509b bl.|||p| |||| 00| 00por d | ||
| 040 |
_aBR-BrBNA _bpor _cBiblioteca Nacional de Agricultura |
||
| 041 | _a(En) | ||
| 072 | _aL73 | ||
| 100 | 1 | _aSanches, E.M.C. | |
| 100 | 1 | _aPacheco, S.M. | |
| 100 | 1 | _aCericatto, A.S. | |
| 100 | 1 | _aMelo, R.M. | |
| 100 | 1 | _aColodel, E.M. | |
| 100 | 1 | _aHummel, J. | |
| 100 | 1 | _aBianchi, S.P. | |
| 100 | 1 | _aSpanamberg, A. | |
| 100 | 1 | _aSanturio, J.M. | |
| 100 | 1 | _aFerreiro, L. | |
| 245 | 1 | _aDetection of Pneumocystis in lungs of bats from Brazil by PCR amplification | |
| 650 | _aMORCEGO | ||
| 650 | _aPULMÃO | ||
| 650 | _aANIMAL SELVAGEM | ||
| 773 | 0 |
_tPesquisa Veterinária Brasileira (Brazil) _xISSN 0100-736X _g(Jun 2009), v. 29(6) p. 469-473 _wBR2011004414 |
|
| 909 |
_a202311 _bLúcia _c55 _dLúcia Elande |
||
| 942 |
_2AGRIS _n0 _cANA |
||
| 999 |
_c214081 _d214081 |
||